<?xml version="1.0" encoding="UTF-8"?>
<record
    xmlns:xsi="http://www.w3.org/2001/XMLSchema-instance"
    xsi:schemaLocation="http://www.loc.gov/MARC21/slim http://www.loc.gov/standards/marcxml/schema/MARC21slim.xsd"
    xmlns="http://www.loc.gov/MARC21/slim">

  <leader>006940000a22001210004500</leader>
  <datafield tag="100" ind1="1" ind2=" ">
    <subfield code="a">B&#xF6;ning, Claudio</subfield>
  </datafield>
  <datafield tag="245" ind1="1" ind2="0">
    <subfield code="a">Espiritualidade, Liturgia e a comunidade de Taiz&#xE8;</subfield>
  </datafield>
  <datafield tag="300" ind1=" " ind2=" ">
    <subfield code="a">no. 36 ( Dic., 2011), p&#xE1;g. 3-11</subfield>
  </datafield>
  <datafield tag="520" ind1=" " ind2=" ">
    <subfield code="a">A espiritulidade &#xE9; a base da liturgia. &#xC9; isto que confirma nas liturgias da comunidade de Taiz&#xE8;, na Fran&#xE7;a. Esta espiritualidade se caracteriza por tr&#xEA;s elementos: as ora&#xE7;&#xF5;es di&#xE1;rias, o sil&#xEA;ncio durante as medita&#xE7;&#xF5;es e, principalmente, os cantos meditativos. Taiz&#xE8; &#xE9; uma "par&#xE1;bola de comunidade": uma sinal concreto de reconcilia&#xE7;&#xE3;o entre pessoas  crist&#xE3;s divididas e entre povos separados.</subfield>
  </datafield>
  <datafield tag="650" ind1="1" ind2="4">
    <subfield code="a">LITURGIA</subfield>
  </datafield>
  <datafield tag="773" ind1="0" ind2=" ">
    <subfield code="t">TEAR</subfield>
  </datafield>
  <datafield tag="942" ind1=" " ind2=" ">
    <subfield code="c">ANA</subfield>
  </datafield>
  <datafield tag="952" ind1=" " ind2=" ">
    <subfield code="0">0</subfield>
    <subfield code="1">0</subfield>
    <subfield code="4">0</subfield>
    <subfield code="7">0</subfield>
    <subfield code="8">HEM</subfield>
    <subfield code="a">FUSBC</subfield>
    <subfield code="b">FUSBC</subfield>
    <subfield code="d">2016-01-26</subfield>
    <subfield code="l">0</subfield>
    <subfield code="o"> </subfield>
    <subfield code="r">2016-01-26 00:00:00</subfield>
    <subfield code="w">2016-01-26</subfield>
    <subfield code="y">ANA</subfield>
  </datafield>
  <datafield tag="999" ind1=" " ind2=" ">
    <subfield code="c">63461</subfield>
    <subfield code="d">63461</subfield>
  </datafield>
</record>
